000 00517nam a22001937a 4500
003 OSt
008 250403b |||||||| |||| 00| 0 eng d
020 _a9789360538736
082 _a658.8 ZAS
100 _aZAHAY, Debra and ROBERTS, Mary Lou
245 _aSocial Media Marketing: A Strategic Approach
250 _a3rd ed.,
260 _aIndia,
_bCengage,
_c2023,
300 _a328 p.
650 _aEnglish,
700 _aPARKER, Janna and BARKER, Donald I.
700 _aBARKER, Melissa S.
942 _2ddc
_cBK
999 _c13226
_d13226